000 00258nam a22001217a 4500
040 _cSY
082 _a633
100 _aKUY HOUT
245 _aForage crops, ដំណាំចំណីសត្វ
260 _aRUA
_bKUY
_c1997
300 _a50p.
942 _cKB
999 _c9768
_d9768